000 00624nam a2200241 a 4500
999 _c11371
_d11371
001 11371
003 BD-JhCC
005 20191029134018.0
008 190902s19812006uk |||| ||a| 001 0 eng d
020 _a9780340937846
035 _a(BD-JhCC)11371
040 _aBD-JhCC
_dBD-JhCC
041 _aeng
082 _a355.02
_bTZU 2006
100 _aTzu, Sun
245 _aThe Art of War /
_c Sun Tzu and foreword by James Clavell
260 _aLondon :
_bHodder Mobius,
_c2006.
300 _a102 p. :
_c20 cm.
650 _aMilitary Art and Science
700 _aClavell, James
942 _2ddc
_cBK
_03